000
00303nam a2200109Ia 4500
008
171204s9999 xx 000 0 und d
245
_a
Instant HTML5 2D Platformer:
245
_c
Aidan Temple
260
_c
2013
650
_x
2D COMPUTER ANIMATION
856
_u
http://down.ebook777.com/051/1849696780.pdf
999
_c
346230
_d
346230